| 000 | 00490cam a2200193ua 4500 | ||
|---|---|---|---|
| 041 |
_aeng _h |
||
| 082 |
_a828.09 _bWAR/CA |
||
| 100 | _aWord , A W . | ||
| 245 | 0 | 0 |
_aCambridge history of english literature-3 / _cA W Word. _hTextual Documents |
| 250 |
_a1 / _b. |
||
| 260 |
_aCambridge : _bCambridge University Press , _c1964. |
||
| 300 | _a409 ; . | ||
| 504 | _a | ||
| 700 | 1 | _aWaller, A R . | |
| 942 | _cBK | ||
| 999 |
_c5502 _d5502 |
||